01246nam a2200229 i 4500001000300000111008300003245020700086246014700293260004500440300004000485500016000525504002400685650004600709650001500755650003600770655002900806040000800835041000700843080002700850008004100877856009800918bg2 aMathematical Models in Automation and Roboticsn(1 ;d1994 ;cMiędzyzdroje).00aFirst International Symposium on Mathematical models in automation and robotics, September 1-3, 1994 Międzyzdroje, Poland /corg. by Institute of Control Engineering, Technical University of Szczecin.1 aProceedings of the First International Symposium on Mathematical models in automation and robotics, September 1-3, 1994 Międzyzdroje, Poland aSzczecin :bWydaw. Uczelniane PS,c1994. a429, [3]s. :brys., wykr. ;c30 cm. aTyt. okł.: Proceedings of the First International Symposium on Mathematical models in automation and robotics, September 1-3, 1994 Międzyzdroje, Poland. aBibliogr. przy ref. 9aModele matematycznexstosowaniextechnika 9aAutomatyka 9aSymulacjaxstosowaniextechnika aMateriały konferencyjne cBPK0 aen a681.5:51:62-52](061.3) s pl f |000 0 pol  uhttp://koha.tu.koszalin.pl/cgi-bin/koha/opac-detail.pl?biblionumber=30272yKatalog online BPK